01577naa a22003857a 4500001001000000003000900010005001700019007000300036008003400039040005400073041000900127072002600136090001800162100001700180100002100197100002000218100002800238100001900266111010000285245018000385260003600565500013300601650001000734650001400744650000900758650002100767650002600788650001500814650001400829773013000843909003600973942001401009999001901023952014901042BR7908108BR-BrBNA20240918174524.0ta230509b bl.||||| |||| 00| 0 por d aBR-BrBNAbporcBiblioteca Nacional de Agricultura a(Pt) aF00b0150b3530bG514 aF00 BR79081081 aTokunaga, T.1 aReis, F.E. de S.1 aPereira, J.B.A.1 aMarchi, L. de O. dos S.1 aAbreu, W.V. de1 a1. Reuniao de Tecnicos em Rizicultura do Estado de Sao PaulocCampinas, SP (Brazil)d5 Mar 19791 aDados de observacoes preliminares sobre a producao de mudas de arroz (Oryza sativa L.), cultivar IR-841-63-5L-9-33, em canteiros com irrigacao intermitente [Sao Paulo, Brasil]3 aCampinas, SP (Brasil): c1979.  aAnais da 1. Reuniao de Tecnicos em Rizicultura do Estado de Sao Paulo Campinas, SP (Brasil): 1979. p. 351-356 (BR7908108-AM)F00  aARROZ aVARIEDADE aMUDA aCULTURA IRRIGADA aTRANSPLANTE DE PLANTA aRENDIMENTO aSAO PAULO0 tAnais da 1. Reuniao de Tecnicos em Rizicultura do Estado de Sao PaulowF00 BR7908108gCampinas, SP (Brasil), 1979. p. 351-356 a202404bLuciac55dLucia Elande cAM2AGRIS c311757d311757 002AGRIS40708Acervo Gerala41918b41918cAgrobasel0o0150 BR7908058r2024-05-20t01yAM10d2024-04-11ePortaria Interministerial nÂș 164/94